000 00659nam a2200241Ia 4500
003 OSt
005 20220928102401.0
006 a|||||r|||| 00| 0
007 ta
008 220927b |||||||| |||| 00| 0 eng d
024 _a60047
037 _cTextual
040 _aSDCL
_cSDCL
_beng
041 _2eng
_aeng
082 _aR693x, N6
100 _aVanibhushan
_9397980
245 0 _aSamyakatvsarshatak.
260 _aVyaber
_bAacharya Gyansagar Vagarat Vimarsha Kenter
_c1996
300 _a156p.
_ccm.
700 _a Shastri Bhoramal
_9397981
942 _hR693x, N6
_cTEXL
_2CC
999 _c713810
_d713810